[Event "CYCC U12"]
[Site "Ottawa CAN"]
[Date "2013.07.10"]
[Round "2"]
[White "Jing, Ryan"]
[Black "Zhan, Andrew"]
[Result "1-0"]
[WhiteElo "869"]
[BlackElo "1035"]
[PlyCount "75"]
[GameId "2160767909326363"]
[EventDate "2013.07.10"]
[EventType "swiss"]
[EventRounds "6"]
[EventCountry "CAN"]
[SourceTitle "hb 2013"]

1. e4 c5 2. Nf3 d6 3. Bc4 Nf6 4. Nc3 g6 5. O-O Bg7 6. b3 O-O 7. h3 e6 8. Bb2 d5 9. exd5 exd5 10. Bd3 Nc6 11. Re1 Ng4 12. Nh2 Nxh2 13. Kxh2 d4 14. Ne2 Be5+ 15. Ng3 Bg7 16. Ne4 b6 17. Bb5 Bd7 18. c3 dxc3 19. Nxc3 a6 20. Bxc6 Bxc6 21. Qc2 Qg5 22. f3 Qf4+ 23. Kg1 Bd4+ 24. Kf1 Qg3 25. d3 Bxf3 26. Ne4 Bxe4 27. Rxe4 Bxb2 28. Qxb2 Qxd3+ 29. Re2 Rfe8 30. Rae1 Rxe2 31. Rxe2 Rd8 32. Kg1 Qd1+ 33. Kh2 Qd6+ 34. Kh1 Qf4 35. Re1 h5 36. a4 Rd2 37. Re8+ Kh7 38. Qh8# 1-0

[Event "CYCC U12"]
[Site "Ottawa CAN"]
[Date "2013.07.10"]
[Round "2"]
[White "Ju, Terrence"]
[Black "Zhao, Yue Tong (Davy)"]
[Result "1/2-1/2"]
[WhiteElo "1374"]
[BlackElo "1873"]
[PlyCount "77"]
[GameId "2160767909326364"]
[EventDate "2013.07.10"]
[EventType "swiss"]
[EventRounds "6"]
[EventCountry "CAN"]
[SourceTitle "hb 2013"]

1. d4 Nf6 2. c4 g6 3. Nf3 Bg7 4. Nc3 d5 5. Bf4 O-O 6. e3 c6 7. Rc1 a6 8. cxd5 Nxd5 9. Nxd5 Qxd5 10. Bc4 Qa5+ 11. Nd2 e5 12. dxe5 Bxe5 13. Bxe5 Qxe5 14. Qb3 b5 15. Be2 c5 16. Bf3 Ra7 17. O-O Be6 18. Qc2 Nd7 19. Rfd1 c4 20. a4 Nc5 21. axb5 axb5 22. Bc6 Nd3 23. Rb1 Ra2 24. Nf3 Qh5 25. Nd4 Nb4 26. Qd2 Nxc6 27. Nxc6 Qc5 28. Nd4 Bf5 29. Ra1 Rfa8 30. Rxa2 Rxa2 31. Qc3 b4 32. Qc1 c3 33. e4 Bxe4 34. Qe3 c2 35. Rc1 Rxb2 36. Qxe4 Rb1 37. Ne2 b3 38. Rxb1 b2 39. g3 1/2-1/2

[Event "CYCC U12"]
[Site "Ottawa CAN"]
[Date "2013.07.10"]
[Round "2"]
[White "Kilroy, Evan"]
[Black "Cai, Jason"]
[Result "0-1"]
[WhiteElo "1135"]
[BlackElo "1778"]
[PlyCount "54"]
[GameId "2160767909326365"]
[EventDate "2013.07.10"]
[EventType "swiss"]
[EventRounds "6"]
[EventCountry "CAN"]
[SourceTitle "hb 2013"]

1. e4 c5 2. Nf3 Nc6 3. Bc4 e6 4. O-O Nf6 5. Nc3 Be7 6. d3 O-O 7. e5 Ng4 8. Bf4 f6 9. Re1 fxe5 10. Bg3 d6 11. h3 Nh6 12. Qd2 Nf5 13. Bh2 Na5 14. Rad1 b6 15. g4 Nd4 16. Nxd4 cxd4 17. Ne2 Nxc4 18. dxc4 Qc7 19. Qd3 Bb7 20. f4 Qc6 21. Qg3 Bh4 22. Rd3 Bxg3 23. Rxg3 Qh1+ 24. Kf2 Qxh2+ 25. Kf1 e4 26. Rg1 Qxh3+ 27. Kf2 Qf3# 0-1

[Event "CYCC U12"]
[Site "Ottawa CAN"]
[Date "2013.07.10"]
[Round "2"]
[White "Liang, Hairan"]
[Black "Butchart, Brian"]
[Result "1-0"]
[WhiteElo "1016"]
[BlackElo "809"]
[PlyCount "79"]
[GameId "2160767909326366"]
[EventDate "2013.07.10"]
[EventType "swiss"]
[EventRounds "6"]
[EventCountry "CAN"]
[SourceTitle "hb 2013"]

1. e4 c5 2. Nf3 e6 3. d4 cxd4 4. Nxd4 Nf6 5. Nc3 a6 6. Bd3 Qc7 7. O-O Be7 8. f4 O-O 9. e5 Ne8 10. Qh5 h6 11. Nf3 d6 12. f5 dxe5 13. fxe6 Bxe6 14. Ng5 Bxg5 15. Bxg5 f6 16. Be3 Nd6 17. Qg6 Rc8 18. Bxh6 Kf8 19. Rxf6+ Ke7 20. Rxe6+ Kd7 21. Re7+ Kxe7 22. Nd5+ Kd7 23. Qxg7+ Kd8 24. Nxc7 Rxc7 25. Bg5+ Kc8 26. Qf8+ Kd7 27. Bf5+ Kc6 28. Rd1 Nb5 29. Be4+ Kb6 30. Bd8 Nc6 31. Bxc7+ Nxc7 32. Qf6 Re8 33. Rd6 Kc5 34. Bxc6 bxc6 35. Rxc6+ Kb5 36. Rxc7 Rb8 37. Qxe5+ Kb6 38. Rc6+ Kb7 39. Qc7+ Ka8 40. Rxa6# 1-0

[Event "CYCC U12"]
[Site "Ottawa CAN"]
[Date "2013.07.10"]
[Round "2"]
[White "Oas, Brandon"]
[Black "Novakovic, David"]
[Result "0-1"]
[WhiteElo "1028"]
[BlackElo "853"]
[PlyCount "50"]
[GameId "2160767909326367"]
[EventDate "2013.07.10"]
[EventType "swiss"]
[EventRounds "6"]
[EventCountry "CAN"]
[SourceTitle "hb 2013"]

1. e4 e5 2. Bc4 Nf6 3. Nc3 Bb4 4. Nf3 Nc6 5. O-O Bxc3 6. dxc3 Nxe4 7. Bd5 Nd6 8. Bxc6 dxc6 9. Nxe5 Be6 10. Qh5 Nc4 11. Rd1 Qe7 12. Nxc4 Bxc4 13. Qf5 Rd8 14. Bg5 f6 15. Rxd8+ Qxd8 16. Re1+ Kf7 17. Qc5 Ba6 18. Bf4 Re8 19. Rc1 Re6 20. Qh5+ Kg8 21. Qg4 Qe8 22. Bd2 Re2 23. Rd1 Rxd2 24. b3 Be2 25. Qf4 Rxd1# 0-1

[Event "CYCC U12"]
[Site "Ottawa CAN"]
[Date "2013.07.10"]
[Round "2"]
[White "Oyama, Kenro"]
[Black "Liu, Ryan"]
[Result "1-0"]
[WhiteElo "1217"]
[BlackElo "1065"]
[PlyCount "45"]
[GameId "2160767909326368"]
[EventDate "2013.07.10"]
[EventType "swiss"]
[EventRounds "6"]
[EventCountry "CAN"]
[SourceTitle "hb 2013"]

1. e4 c6 2. d4 d5 3. Nc3 dxe4 4. Nxe4 Nf6 5. Nxf6+ gxf6 6. Nf3 Bg4 7. Be2 e5 8. dxe5 Qxd1+ 9. Bxd1 fxe5 10. Nxe5 Bxd1 11. Kxd1 Na6 12. Re1 O-O-O+ 13. Bd2 Re8 14. Nxf7 Rxe1+ 15. Kxe1 Rg8 16. g3 Bg7 17. Bc3 Bxc3+ 18. bxc3 Re8+ 19. Kf1 Kc7 20. Re1 Rf8 21. Ng5 h6 22. Ne6+ Kd7 23. Nxf8+ 1-0

[Event "CYCC U12"]
[Site "Ottawa CAN"]
[Date "2013.07.10"]
[Round "2"]
[White "Pigeau, Nicholas"]
[Black "Boushy, Declan Paul"]
[Result "0-1"]
[WhiteElo "838"]
[BlackElo "1029"]
[PlyCount "86"]
[GameId "2160767909326369"]
[EventDate "2013.07.10"]
[EventType "swiss"]
[EventRounds "6"]
[EventCountry "CAN"]
[SourceTitle "hb 2013"]

1. e4 c5 2. Nc3 d6 3. Nf3 Bg4 4. Be2 Nf6 5. e5 Nfd7 6. exd6 exd6 7. d3 Be7 8. h3 Bxf3 9. Bxf3 Nc6 10. Nd5 O-O 11. Nxe7+ Qxe7+ 12. Be3 Rab8 13. Bxc6 bxc6 14. Rb1 d5 15. O-O Qe6 16. Qg4 Qxg4 17. hxg4 d4 18. Bf4 Rb7 19. Bd6 Re8 20. Rfe1 Re6 21. Rxe6 fxe6 22. Re1 Kf7 23. b3 Rb5 24. a4 Rb7 25. g3 a6 26. Rc1 e5 27. c3 Rxb3 28. cxd4 exd4 29. Bxc5 Nxc5 30. Rxc5 Rxd3 31. Rxc6 Rd1+ 32. Kg2 d3 33. Rc7+ Kg6 34. Rc6+ Kf7 35. Rc7+ Kf6 36. Rc6+ Kg5 37. Rc5+ Kh6 38. g5+ Kg6 39. f4 d2 40. Rc6+ Kh5 41. Kh3 Rh1+ 42. Kg2 d1=Q 43. Rc5 Qf1# 0-1

[Event "CYCC U12"]
[Site "Ottawa CAN"]
[Date "2013.07.10"]
[Round "2"]
[White "Shamroni, Dennis"]
[Black "Chen, Richard"]
[Result "0-1"]
[WhiteElo "1489"]
[BlackElo "1916"]
[PlyCount "48"]
[GameId "2160767909326370"]
[EventDate "2013.07.10"]
[EventType "swiss"]
[EventRounds "6"]
[EventCountry "CAN"]
[SourceTitle "hb 2013"]

1. Nf3 Nf6 2. Nc3 d5 3. d4 g6 4. g3 Bg7 5. Bg2 O-O 6. O-O Na6 7. Bg5 Ne4 8. Qc1 Nxg5 9. Qxg5 Bf5 10. Qd2 e6 11. Rfd1 c5 12. h3 Qb6 13. Na4 Qb5 14. Nxc5 Nxc5 15. dxc5 Qxb2 16. Nh4 Qxc2 17. Rac1 Qxd2 18. Rxd2 Rfd8 19. g4 Bf6 20. Nxf5 gxf5 21. gxf5 Rdc8 22. fxe6 fxe6 23. Rb1 Rxc5 24. Rxb7 Rc1+ 0-1

[Event "CYCC U12"]
[Site "Ottawa CAN"]
[Date "2013.07.10"]
[Round "2"]
[White "Su, Michael"]
[Black "Sawant, Digvijay"]
[Result "1-0"]
[WhiteElo "1770"]
[BlackElo "1100"]
[PlyCount "114"]
[GameId "2160767909326371"]
[EventDate "2013.07.10"]
[EventType "swiss"]
[EventRounds "6"]
[EventCountry "CAN"]
[SourceTitle "hb 2013"]

1. d4 d5 2. Nf3 Nf6 3. e3 e6 4. Bd3 c5 5. b3 Nc6 6. O-O cxd4 7. exd4 Qc7 8. Bb2 Bd6 9. a3 h5 10. Re1 h4 11. h3 b6 12. c4 Bb7 13. Nc3 Na5 14. Nb5 Qc6 15. Nxd6+ Qxd6 16. Ne5 Nd7 17. cxd5 Bxd5 18. Bb5 Rd8 19. Nxd7 Rxd7 20. Bxd7+ Qxd7 21. b4 Nb3 22. Rb1 Qc6 23. Qg4 Kf8 24. Qg5 f6 25. Qg6 Rh6 26. Qg4 Qc2 27. Qe2 Qf5 28. Qg4 Qc2 29. Qd1 Qg6 30. f3 Qg3 31. Qc2 Rg6 32. Kh1 Qg5 33. Bc1 Qg3 34. Bf4 Qxf4 35. Qxg6 Nxd4 36. Qg4 Qd2 37. Rbd1 Qf2 38. Qxd4 Qxd4 39. Rxd4 Bb3 40. Rc1 Kf7 41. Rd7+ Kg6 42. Rc3 Ba4 43. Rxa7 Bb5 44. a4 Bf1 45. Kg1 Be2 46. Kf2 Bd1 47. Ke1 Bxa4 48. Rxa4 Kf5 49. b5 g5 50. Ra6 Kf4 51. Rxb6 Kg3 52. Kf1 g4 53. fxg4+ Kf4 54. Rxe6 Kg5 55. Rf3 Kg6 56. Rfxf6+ Kg7 57. Rg6+ Kh7 1-0

[Event "CYCC U12"]
[Site "Ottawa CAN"]
[Date "2013.07.10"]
[Round "2"]
[White "Tolentino, Andre Angelo"]
[Black "Doknjas, Joshua"]
[Result "0-1"]
[WhiteElo "1309"]
[BlackElo "1848"]
[PlyCount "50"]
[GameId "2160767909326372"]
[EventDate "2013.07.10"]
[EventType "swiss"]
[EventRounds "6"]
[EventCountry "CAN"]
[SourceTitle "EXT 2022"]
[Source "ChessBase"]
[SourceDate "2021.10.06"]
[SourceVersion "1"]
[SourceVersionDate "2021.10.06"]
[SourceQuality "1"]

1. d4 d5 2. Nf3 Nf6 3. Bg5 Ne4 4. Bf4 c5 5. e3 Qb6 6. Qc1 Nc6 7. c3 e6 8. Nbd2 Nxd2 9. Qxd2 Be7 10. Bd3 c4 11. Be2 a5 12. O-O h6 13. Ne5 Nxe5 14. Bxe5 f6 15. Bg3 h5 16. h4 f5 17. Be5 Rh7 18. Bg3 Qd8 19. e4 fxe4 20. Qf4 g6 21. Rfe1 Rf7 22. Qh6 Bxh4 23. Qxg6 Bxg3 24. Bxh5 Bxf2+ 25. Kh1 Qh4# 0-1

[Event "CYCC U12"]
[Site "Ottawa CAN"]
[Date "2013.07.10"]
[Round "2"]
[White "Xie, Patrick"]
[Black "Lopez, Elijah"]
[Result "1-0"]
[WhiteElo "1032"]
[BlackElo "887"]
[PlyCount "67"]
[GameId "2160767909326373"]
[EventDate "2013.07.10"]
[EventType "swiss"]
[EventRounds "6"]
[EventCountry "CAN"]
[SourceTitle "hb 2013"]

1. e4 e5 2. Nf3 Nc6 3. Bb5 Nf6 4. O-O Ng4 5. d3 Bc5 6. Nbd2 Nd4 7. Nxd4 Bxd4 8. Qxg4 O-O 9. Qe2 a6 10. Ba4 Qg5 11. Nf3 Qg6 12. Nxd4 exd4 13. Bb3 c6 14. f4 d5 15. e5 Bg4 16. Qf2 f5 17. Qxd4 Rad8 18. Qf2 b6 19. Qxb6 h5 20. Qf2 Bh3 21. Qf3 Bg4 22. Qg3 Qh6 23. h3 h4 24. Qf2 Bh5 25. Qxh4 Rd7 26. Re1 Re8 27. Bd2 g6 28. g4 fxg4 29. hxg4 Rg7 30. gxh5 gxh5+ 31. Kf2 Qh7 32. Rg1 Rxg1 33. Rxg1+ Kh8 34. Qf6+ 1-0

[Event "CYCC U12"]
[Site "Ottawa CAN"]
[Date "2013.07.10"]
[Round "2"]
[White "Xu, Jeffrey"]
[Black "Dhaliwal, Indervir"]
[Result "1-0"]
[WhiteElo "1862"]
[BlackElo "1272"]
[PlyCount "51"]
[GameId "2160767909326374"]
[EventDate "2013.07.10"]
[EventType "swiss"]
[EventRounds "6"]
[EventCountry "CAN"]
[SourceTitle "hb 2013"]

1. e4 c5 2. Nf3 d6 3. Bb5+ Bd7 4. Bxd7+ Qxd7 5. O-O Nc6 6. Nc3 g6 7. d3 Bg7 8. Be3 Nf6 9. h3 O-O 10. Qd2 Rad8 11. Rad1 a6 12. a4 Rfe8 13. Rfe1 Rb8 14. e5 dxe5 15. Bxc5 Nd5 16. Nxd5 Qxd5 17. Be3 b5 18. axb5 Rxb5 19. Bh6 Rc8 20. c3 f6 21. Bxg7 Kxg7 22. Re4 Qe6 23. Qe2 Rd8 24. Re3 Ra8 25. Re1 Ra5 26. d4 1-0

[Event "CYCC U12"]
[Site "Ottawa CAN"]
[Date "2013.07.10"]
[Round "2"]
[White "Yie, Kevin Yi Xiao"]
[Black "Wan, Kevin"]
[Result "0-1"]
[WhiteElo "1577"]
[BlackElo "2148"]
[PlyCount "112"]
[GameId "2160767909326375"]
[EventDate "2013.07.10"]
[EventType "swiss"]
[EventRounds "6"]
[EventCountry "CAN"]
[SourceTitle "EXT 2022"]
[Source "ChessBase"]
[SourceDate "2021.10.06"]
[SourceVersion "1"]
[SourceVersionDate "2021.10.06"]
[SourceQuality "1"]

1. d4 d5 2. Bf4 Nf6 3. e3 e6 4. Nf3 Bd6 5. Bg3 b6 6. Nbd2 Bb7 7. Be2 Bxg3 8. hxg3 c5 9. c3 Nbd7 10. Rc1 Qe7 11. Qb3 O-O 12. O-O e5 13. dxe5 Nxe5 14. Nxe5 Qxe5 15. Nf3 Qe7 16. Rfd1 Rfd8 17. Bf1 Rac8 18. c4 h6 19. cxd5 Bxd5 20. Bc4 Bxc4 21. Qxc4 Rxd1+ 22. Rxd1 Rd8 23. Qc2 Rxd1+ 24. Qxd1 Qe6 25. Qd8+ Kh7 26. Qd3+ g6 27. b3 Qd7 28. Qc2 Qd5 29. Nd2 Qe5 30. Kf1 Nd5 31. Qc4 Kg7 32. Qc1 Nb4 33. a3 Nd5 34. Nc4 Qc3 35. Qb2 Qxb2 36. Nxb2 Kf6 37. Ke2 Ke6 38. Kd3 Ne7 39. Nc4 Nc6 40. g4 b5 41. Nd2 Ne5+ 42. Ke2 Nxg4 43. Ne4 Kd5 44. f3 Ne5 45. Nc3+ Kc6 46. f4 Nd7 47. Kd3 a6 48. Ne4 f5 49. Nc3 Nf6 50. Ne2 Ne4 51. Ng1 Kd5 52. Nf3 g5 53. Ne5 g4 54. Nf7 h5 55. Ng5 Nxg5 56. fxg5 h4 0-1

[Event "CYCC U12"]
[Site "Ottawa CAN"]
[Date "2013.07.10"]
[Round "2"]
[White "Zhao, Harry"]
[Black "Wu, Brenden"]
[Result "1/2-1/2"]
[WhiteElo "1820"]
[BlackElo "1177"]
[PlyCount "57"]
[GameId "2160767909326377"]
[EventDate "2013.07.10"]
[EventType "swiss"]
[EventRounds "6"]
[EventCountry "CAN"]
[SourceTitle "hb 2013"]

1. d4 d6 2. Nf3 Nf6 3. Nbd2 g6 4. e4 Bg7 5. Bd3 O-O 6. O-O Nc6 7. d5 Nb8 8. Re1 c6 9. c4 Nfd7 10. Qc2 Ne5 11. Nxe5 Bxe5 12. Nf3 Bg7 13. h3 Nd7 14. Bd2 Ne5 15. Nxe5 Bxe5 16. Bc3 Bxc3 17. Qxc3 c5 18. e5 e6 19. Rad1 exd5 20. cxd5 dxe5 21. Rxe5 b6 22. Rde1 Bb7 23. Bc4 Qf6 24. Qd2 Rfd8 25. Re7 Rab8 26. Rc7 b5 27. Ree7 bxc4 28. Rxb7 Rxb7 29. Rxb7 1/2-1/2

[Event "CYCC U12"]
[Site "Ottawa CAN"]
[Date "2013.07.10"]
[Round "2"]
[White "Zotkin, Daniel"]
[Black "Li, William"]
[Result "1-0"]
[WhiteElo "1942"]
[BlackElo "1408"]
[PlyCount "119"]
[GameId "2160767909326378"]
[EventDate "2013.07.10"]
[EventType "swiss"]
[EventRounds "6"]
[EventCountry "CAN"]
[SourceTitle "hb 2013"]

1. e4 c5 2. Nf3 e6 3. d4 cxd4 4. Nxd4 Nf6 5. Bd3 d5 6. exd5 exd5 7. O-O Be7 8. Nc3 O-O 9. h3 Nc6 10. Be3 a6 11. Re1 Be6 12. Kh1 h6 13. f4 Re8 14. Qf3 Qd6 15. f5 Bd7 16. g4 Bd8 17. Nxc6 Bxc6 18. Bf4 Rxe1+ 19. Rxe1 Qd7 20. Kh2 d4 21. Ne4 Nxe4 22. Bxe4 Bc7 23. Kg2 Bxe4 24. Rxe4 Bxf4 25. Rxf4 Rc8 26. Qe4 Qc6 27. Qxc6 Rxc6 28. Rf2 f6 29. Kf3 Kf7 30. Rd2 g6 31. Rxd4 Rxc2 32. Rd7+ Ke8 33. Rxb7 gxf5 34. gxf5 Rc5 35. Kg4 Rc4+ 36. Kh5 Rf4 37. Kg6 Rh4 38. Rb3 Ke7 39. Re3+ Kf8 40. Kxf6 Rb4 41. Rb3 Rxb3 42. axb3 h5 43. Kg6 h4 44. Kg5 Kf7 45. Kxh4 Kf6 46. Kg4 a5 47. Kf4 Kg7 48. Ke5 Kf7 49. f6 Kf8 50. Ke6 Ke8 51. f7+ Kf8 52. h4 Kg7 53. Ke7 Kg6 54. f8=Q Kh5 55. Qg7 Kxh4 56. Kf6 Kh3 57. Kf5 Kh2 58. Kf4 Kh1 59. Kf3 Kh2 60. Qg2# 1-0

[Event "CYCC U12"]
[Site "Ottawa CAN"]
[Date "2013.07.11"]
[Round "2"]
[White "Zhang, Zhehai"]
[Black "Oyama, Kenro"]
[Result "1-0"]
[WhiteElo "1498"]
[BlackElo "1219"]
[PlyCount "107"]
[GameId "2160767909326379"]
[EventDate "2013.07.10"]
[EventType "swiss"]
[EventRounds "6"]
[EventCountry "CAN"]
[SourceTitle "hb 2013"]

1. e4 e5 2. Nf3 Nc6 3. Bc4 Bc5 4. d3 Nf6 5. O-O O-O 6. c3 d6 7. Bb3 a5 8. Nbd2 Be6 9. Bc2 d5 10. Qe2 d4 11. h3 Nd7 12. Rd1 Qf6 13. Nf1 Qg6 14. Kh1 f5 15. exf5 Bxf5 16. Nh4 Qe8 17. Nxf5 Rxf5 18. Ng3 Rf8 19. Ne4 Ba7 20. Rf1 dxc3 21. bxc3 Nf6 22. Ng5 h6 23. Nf3 Qe7 24. Nh4 Rfe8 25. Bb3+ Kh7 26. Qf3 Qd7 27. Qg3 g5 28. Nf3 Qxd3 29. Nxg5+ hxg5 30. Qxd3+ Kg7 31. Bxg5 Rad8 32. Bxf6+ Kxf6 33. Qf3+ Kg7 34. Rad1 Rf8 35. Qg3+ Kf6 36. Rxd8 Nxd8 37. Kg1 Ke7 38. Qg7+ Ke8 39. Qxe5+ Kd7 40. h4 Nc6 41. Qg7+ Ke8 42. h5 Bc5 43. h6 b6 44. h7 b5 45. h8=Q Rxh8 46. Qxh8+ Kd7 47. Rd1+ Ke7 48. Qh7+ Kf6 49. Rd5 Bxf2+ 50. Kxf2 Ke6 51. Qd7+ Kf6 52. Rf5+ Kg6 53. Qf7+ Kh6 54. Rh5# 1-0

[Event "CYCC U12"]
[Site "Ottawa CAN"]
[Date "2013.07.11"]
[Round "3"]
[White "Balachandran, Henushan"]
[Black "Liu, Ryan"]
[Result "1/2-1/2"]
[WhiteElo "968"]
[BlackElo "1065"]
[PlyCount "78"]
[GameId "2160767909326380"]
[EventDate "2013.07.10"]
[EventType "swiss"]
[EventRounds "6"]
[EventCountry "CAN"]
[SourceTitle "hb 2013"]

1. c4 c6 2. Nc3 d5 3. cxd5 cxd5 4. e3 Nf6 5. Nf3 Bg4 6. g3 Nc6 7. Bg2 Qd7 8. h3 Bf5 9. O-O Bxh3 10. Bxh3 Qxh3 11. Ng5 Qg4 12. Qxg4 Nxg4 13. Nxd5 Rc8 14. f3 Nf6 15. Nxf6+ exf6 16. Ne4 Be7 17. Rd1 O-O 18. d4 Rcd8 19. d5 f5 20. Nc3 Nb4 21. e4 fxe4 22. fxe4 Bc5+ 23. Kg2 Nc2 24. Rb1 Be3 25. Rf1 Bxc1 26. Rfxc1 Ne3+ 27. Kf3 Nc4 28. Nb5 Nd2+ 29. Kf4 Nxb1 30. Rxb1 Rfe8 31. Nxa7 Ra8 32. Nb5 Rxa2 33. Nd6 Rb8 34. e5 Ra5 35. Rd1 Rd8 36. Ke4 Ra4+ 37. Kf5 Kf8 38. Nxb7 g6+ 39. Kf6 Ra6+ 1/2-1/2

[Event "CYCC U12"]
[Site "Ottawa CAN"]
[Date "2013.07.11"]
[Round "3"]
[White "Belec, Stephane"]
[Black "Kilroy, Evan"]
[Result "0-1"]
[WhiteElo "518"]
[BlackElo "1135"]
[PlyCount "82"]
[GameId "2160767909326381"]
[EventDate "2013.07.10"]
[EventType "swiss"]
[EventRounds "6"]
[EventCountry "CAN"]
[SourceTitle "hb 2013"]

1. e4 c5 2. Bc4 d6 3. Qf3 Nf6 4. Ne2 Nc6 5. O-O Ne5 6. Qc3 Nxc4 7. Qxc4 Be6 8. Qa4+ Qd7 9. Qxd7+ Bxd7 10. Nbc3 b5 11. a3 g6 12. d3 Bg7 13. b4 O-O 14. h3 a6 15. a4 cxb4 16. Nd5 Nxd5 17. exd5 Bxa1 18. d4 bxa4 19. Bd2 Bc3 20. Nxc3 bxc3 21. Bxc3 Rfc8 22. Bd2 Rxc2 23. Bh6 Rb8 24. Ra1 Rb3 25. Bc1 Rd3 26. Rb1 Rd1+ 27. Kh2 Rdxc1 28. Rb7 Rc7 29. Rb6 Bb5 30. Rxb5 axb5 31. Kg3 a3 32. h4 a2 33. h5 a1=Q 34. hxg6 R1c3+ 35. Kg4 Qd1+ 36. Kg5 hxg6 37. f3 Qxd4 38. g4 f6+ 39. Kxg6 Rxf3 40. g5 Qe4+ 41. Kh5 Rh3# 0-1

[Event "CYCC U12"]
[Site "Ottawa CAN"]
[Date "2013.07.11"]
[Round "3"]
[White "Butchart, Brian"]
[Black "Oas, Brandon"]
[Result "1-0"]
[WhiteElo "809"]
[BlackElo "1028"]
[PlyCount "45"]
[GameId "2160767909326383"]
[EventDate "2013.07.10"]
[EventType "swiss"]
[EventRounds "6"]
[EventCountry "CAN"]
[SourceTitle "hb 2013"]

1. e4 e5 2. Nf3 Nc6 3. Bc4 Nf6 4. d3 Bc5 5. c3 O-O 6. O-O Ng4 7. h3 Nf6 8. Nbd2 d6 9. Re1 a6 10. Bb3 Ne7 11. Nf1 c6 12. Qe2 d5 13. Ng3 dxe4 14. dxe4 b5 15. Rd1 Qc7 16. Bg5 Nd7 17. Nh4 Ng6 18. Nhf5 Nb6 19. Qh5 Bxf5 20. Nxf5 h6 21. Bxh6 gxh6 22. Qxh6 Rfd8 23. Qg7# 1-0

[Event "CYCC U12"]
[Site "Ottawa CAN"]
[Date "2013.07.11"]
[Round "3"]
[White "Cai, Jason"]
[Black "Zotkin, Daniel"]
[Result "1/2-1/2"]
[WhiteElo "1778"]
[BlackElo "1942"]
[PlyCount "61"]
[GameId "2160767909326384"]
[EventDate "2013.07.10"]
[EventType "swiss"]
[EventRounds "6"]
[EventCountry "CAN"]
[SourceTitle "hb 2013"]

1. e4 d5 2. exd5 Nf6 3. d4 Nxd5 4. c4 Nb6 5. Nf3 g6 6. h3 Bg7 7. Nc3 O-O 8. Be3 Nc6 9. Be2 e5 10. d5 Ne7 11. g4 f5 12. Qd2 f4 13. Bc5 Re8 14. Ne4 Bd7 15. Bd3 Nec8 16. Rc1 c6 17. d6 Be6 18. b3 Nd7 19. Ba3 c5 20. Nxc5 Nxc5 21. Bxc5 Nxd6 22. Bxd6 Qxd6 23. Be4 Qxd2+ 24. Kxd2 Rad8+ 25. Ke2 b6 26. Rhd1 Bf6 27. Rxd8 Rxd8 28. Rd1 Rxd1 29. Kxd1 g5 30. Kc2 h5 31. Nh2 1/2-1/2

[Event "CYCC U12"]
[Site "Ottawa CAN"]
[Date "2013.07.11"]
[Round "3"]
[White "Chen, Richard"]
[Black "Su, Michael"]
[Result "1-0"]
[WhiteElo "1916"]
[BlackElo "1770"]
[PlyCount "55"]
[GameId "2160767909326385"]
[EventDate "2013.07.10"]
[EventType "swiss"]
[EventRounds "6"]
[EventCountry "CAN"]
[SourceTitle "EXT 2022"]
[Source "ChessBase"]
[SourceDate "2021.10.06"]
[SourceVersion "1"]
[SourceVersionDate "2021.10.06"]
[SourceQuality "1"]

1. e4 e6 2. d3 d5 3. Nd2 c5 4. Ngf3 Nc6 5. g3 g6 6. Bg2 Bg7 7. O-O Nge7 8. Re1 b6 9. c3 O-O 10. e5 Qc7 11. Qe2 g5 12. h3 Ng6 13. Nxg5 Qxe5 14. Nde4 dxe4 15. Bxe4 Bb7 16. Bf4 Nxf4 17. gxf4 Qf6 18. Bxh7+ Kh8 19. Qh5 Bh6 20. Be4 Nd8 21. Kh1 Bxe4+ 22. Rxe4 Qg7 23. Qh4 f6 24. Rg1 fxg5 25. fxg5 Nf7 26. gxh6 Qxh6 27. Rg6 Qh7 28. Qf6+ 1-0

[Event "CYCC U12"]
[Site "Ottawa CAN"]
[Date "2013.07.11"]
[Round "3"]
[White "Chen, Samuel"]
[Black "Jing, Ryan"]
[Result "1-0"]
[WhiteElo "1339"]
[BlackElo "869"]
[PlyCount "43"]
[GameId "2160767909326386"]
[EventDate "2013.07.10"]
[EventType "swiss"]
[EventRounds "6"]
[EventCountry "CAN"]
[SourceTitle "hb 2013"]

1. d4 d5 2. Nf3 Nc6 3. e3 a6 4. Bd3 e6 5. b3 g6 6. Bb2 Bg7 7. a3 h6 8. O-O Bd7 9. Nbd2 Nge7 10. Ne5 Nxe5 11. dxe5 f5 12. exf6 Nf5 13. fxg7 Rg8 14. Qg4 g5 15. e4 Nxg7 16. exd5 exd5 17. Rae1+ Ne6 18. Rxe6+ Bxe6 19. Qxe6+ Kf8 20. Qxh6+ Ke8 21. Re1+ Kd7 22. Qe6# 1-0

[Event "CYCC U12"]
[Site "Ottawa CAN"]
[Date "2013.07.11"]
[Round "3"]
[White "Cheung, Damien"]
[Black "Yie, Kevin Yi Xiao"]
[Result "1/2-1/2"]
[WhiteElo "1021"]
[BlackElo "1577"]
[PlyCount "118"]
[GameId "2160767909326387"]
[EventDate "2013.07.10"]
[EventType "swiss"]
[EventRounds "6"]
[EventCountry "CAN"]
[SourceTitle "EXT 2022"]
[Source "ChessBase"]
[SourceDate "2021.10.06"]
[SourceVersion "1"]
[SourceVersionDate "2021.10.06"]
[SourceQuality "1"]

1. e4 g6 2. d4 Bg7 3. Nf3 d6 4. Nc3 Nd7 5. Bc4 c5 6. Be3 cxd4 7. Bxd4 Ngf6 8. Qd2 O-O 9. O-O-O a6 10. Be3 b5 11. Bd3 Ng4 12. Bd4 Nge5 13. Nxe5 Nxe5 14. f4 Nxd3+ 15. Qxd3 Bg4 16. Bxg7 Kxg7 17. Rd2 Be6 18. f5 Bc4 19. Qd4+ Kg8 20. b3 b4 21. Qxc4 bxc3 22. Qxc3 Qb6 23. Qd4 Qa5 24. Qb2 Rfc8 25. Rhd1 Ra7 26. Rd5 Qb6 27. f6 Qe3+ 28. Kb1 Qxe4 29. fxe7 Qxe7 30. Rxd6 Rf8 31. Qf6 Qe2 32. Rd8 Ra8 33. R8d2 Qh5 34. g3 a5 35. a4 Rab8 36. h4 Qg4 37. Qf4 Qe6 38. Kb2 Rb4 39. Rd4 Rbb8 40. Qd6 Qe3 41. R4d3 Qe2 42. Qf4 Rbc8 43. Qd2 Qe5+ 44. Ka2 Qc5 45. Kb2 Qe5+ 46. Ka2 Qc7 47. Kb2 Rfe8 48. Qc3 Qb6 49. Qd2 Qc5 50. Qc3 Qf5 51. Qd2 Qe6 52. Ka2 Kg7 53. Rd5 Qe2 54. Qxe2 Rxe2 55. R5d2 Rxc2+ 56. Rxc2 Rxc2+ 57. Ka3 Rc5 58. Rd3 Kf6 59. b4 axb4+ 1/2-1/2

[Event "CYCC U12"]
[Site "Ottawa CAN"]
[Date "2013.07.11"]
[Round "3"]
[White "Dhaliwal, Indervir"]
[Black "Fox, Dylan"]
[Result "1-0"]
[WhiteElo "1272"]
[BlackElo "747"]
[PlyCount "113"]
[GameId "2160767909326388"]
[EventDate "2013.07.10"]
[EventType "swiss"]
[EventRounds "6"]
[EventCountry "CAN"]
[SourceTitle "hb 2013"]

1. e4 c5 2. Nf3 d6 3. d4 cxd4 4. Nxd4 e5 5. Nf3 Nf6 6. Bg5 Be7 7. Nc3 Nc6 8. Bd3 Be6 9. O-O O-O 10. a3 a6 11. Ne2 b5 12. Ng3 h6 13. Be3 Ng4 14. Qe2 Bh4 15. Nxh4 Nxe3 16. Qxe3 Qxh4 17. c3 Rab8 18. Rad1 Rfd8 19. Nf5 Bxf5 20. exf5 Qf6 21. f4 Kh8 22. Qe4 Ne7 23. Rfe1 d5 24. Qxe5 Qb6+ 25. Qe3 Qxe3+ 26. Rxe3 Nc6 27. f6 g6 28. f5 g5 29. Rde1 Rd6 30. Re8+ Rxe8 31. Rxe8+ Kh7 32. Ra8 Ne5 33. Bc2 Rxf6 34. Bb3 Rxf5 35. Bc2 Kg6 36. Rxa6+ f6 37. Bxf5+ Kxf5 38. Rb6 Ke4 39. Rxb5 Nd3 40. a4 Ke3 41. Rxd5 Nc1 42. a5 Ke2 43. a6 Ke1 44. a7 Ne2+ 45. Kh1 Nf4 46. a8=Q Kf1 47. Qa1+ Kf2 48. Qg1+ Ke2 49. Rd1 Nd3 50. Qf1+ Ke3 51. Rxd3+ Ke4 52. Qf3+ Ke5 53. Rd5+ Ke6 54. Qf5+ Kf7 55. Rd7+ Kg8 56. Qxf6 g4 57. Qg7# 1-0